[Event "Velez Rapid op 10th"]
[Site "Velez Santander"]
[Date "2023.11.06"]
[Round "9"]
[White "Barbosa, Brayan Steven"]
[Black "Sanabria Calderon, Santiago"]
[Result "0-1"]
[WhiteElo "1334"]
[BlackElo "1518"]
[PlyCount "48"]
[EventDate "2023.11.06"]
[EventType "swiss (rapid)"]
[EventRounds "10"]
[EventCountry "COL"]
[SourceTitle "Mega2024 Update 01"]
[Source "Chessbase"]
[SourceDate "2023.11.12"]
[SourceVersion "1"]
[SourceVersionDate "2023.11.12"]
[SourceQuality "1"]

1. e4 c5 2. Bc4 e6 3. a3 d5 4. exd5 exd5 5. Ba2 Be6 6. Nf3 Be7 7. 0-0 Nf6 8. Nc3 0-0 9. d3 Nc6 10. Re1 Qd7 11. h3 d4 12. Bxe6 fxe6 13. Ne4 Nxe4 14. Rxe4 Bf6 15. Bg5 Rae8 16. Bxf6 Rxf6 17. Ne5 Nxe5 18. Rxe5 Qd6 19. Qe2 Ref8 20. f3 Rf5 21. Rxe6 Qg3 22. Rf1 Rg5 23. Rf2 Qxh3 24. Re4 Qh6 0-1